00947nam a22002777a 45000010005000000030006000050050017000110080041000280200017000690400029000860500019001150820011001341000015001452450091001602600038002513000043002894900060003325050008003925200127004005210020005275210020005476500021005676500021005887000029006097000031006388029FISKH20250819105116.0250819b cb ||||| |||| 00| 0 eng d a078073004997 aFISKHbengcFISKHdFISKH a PZ7.M26572 .2 a813.54 aMoore, Eva aThe search for the missing bones / cWritten by Eva Moore : Illustrations by Ted Enik  aNew York :bScholastic , c1999.  a74 pages : billustrations ;c20 cm .  aThe magic school bus ( Science chapter books ) vBook 2 aQ  aMs. Frizzle and her class go to the Hugh Mann Costume Company to track down the missing bones for their skeleton costumes.8 a660 bLexile 8 aQ bRaz-Plus  aAnatomyvFiction aHealth vFiction aEnik, Ted eIllustrator  aKoblish, Peter eDesigner